00618nam a22001697a 4500003000400000008004100004020001800045082001600063100003900079245001900118260005000137300001000187650001900197942001300216999001700229952020200246OSt240702b |||||||| |||| 00| 0 eng d a9789385609909 a175.00bCHA aOm Books International Body (pub.) aChanakya Neeti aUttar Pradesh:bOm Book International,c2023. a207p. aGeneral Books  2ddccREF c12713d12713 00102ddc40708GENERALaPIETbPIETd2024-06-18eZafaa Books and DistributorsfIn rupeesg195.00kZBD0076l1o175.00 CHAp37650q2025-01-28r2024-07-12 00:00:00s2024-07-12v146.25w2024-06-18yBK